Statistiques concernant Effectif de l'En Avant Guingamp (2021-2022)

Cliquez ici pour prendre le quiz!

Statistiques générales

  • Ce quiz a été pris 68 fois
  • Le résultat moyen est 19 sur 29

Statistiques - réponses

PosteNuméroRéponseNationalité% Correct
Milieux7El Hadji BaFrançais
100%
Gardiens de But16Enzo BasilioFrançais
96%
Milieux2Baptiste RouxFrançais
89%
Milieux29Jeremy LivolantFrançais
89%
Milieux10Youssouf M'ChangamaComorien
89%
Attaquants9Frantzdy PierrotHaïtien
87%
Attaquants13Yannick GomisSénégalais
87%
Défenseurs-Mathis RiouFrançais
80%
Gardiens de But30Dominique YoufeiganeFrançais
78%
Milieux6Tristan MuyumbaFrançais
78%
Défenseurs27Maxime SivisFrançais
76%
Milieux18Souleymane DiarraMalien
76%
Défenseurs4Philippe SampaioBrésilien
75%
Défenseurs24Pierre LemonnierFrançais
75%
Attaquants8Mathias PhaëtonFrançais (Guadeloupe)
73%
Défenseurs19Félix Eboa EboaCamerounais
71%
Milieux28Maxime BarthelméFrançais
65%
Gardiens de But1Hugo BarbetFrançais
62%
Milieux21Mehdi MerghemFrançais
62%
Défenseurs5Hady CamaraFrançais
56%
Défenseurs22Logan NdenbéBelge
49%
Attaquants-Yoann CathlineFrançais
45%
Attaquants15Charles AbiFrançais
44%
Milieux11Louis CarnotFrançais
40%
Attaquants-Théo Le NormandFrançais
36%
Milieux-Jules GaudinFrançais
33%
Attaquants-Ervin TahaFrançais
31%
Défenseurs3Yohan BilingiFrançais
27%
Défenseurs23Jérôme MombrisFrançais
25%

Distribution des résultats

Percentile par nombre de réponses

% des personnes avec chaque résultat

Votre développement - résultats

Vous n’avez pas pris ce quiz